Собрание сочинений: в 8 т.

Podrobná bibliografie
Hlavní autor: Семёнов Ю. С. Юлиан Семёнович
Další autoři: Анненский Л. (редактор), Бененсон А., Козьмин-Бороздин В., Сулейменов О.
Jazyk:ruština
Vydáno: Москва, МШК МАДПР, 1991-
Médium: MixedMaterials Kniha
KOHA link:https://koha.lib.tpu.ru/cgi-bin/koha/opac-detail.pl?biblionumber=149465

MARC

LEADER 00000nam0a2200000 4500
001 149465
005 20231031145851.0
010 |a 585207019X 
035 |a (RuTPU)RU\TPU\book\162039 
090 |a 149465 
100 |a 20081217d1991 m y0rusy50 ca 
101 0 |a rus 
102 |a RU 
105 |a a z 000zy 
200 1 |a Собрание сочинений  |e в 8 т.  |f Ю. С. Семёнов  |g ред. кол. Л. Анненский и др. 
210 |a Москва  |c МШК МАДПР  |c ДЭМ  |d 1991- 
700 1 |a Семёнов  |b Ю. С.  |g Юлиан Семёнович 
702 1 |a Анненский  |b Л.  |4 340 
702 1 |a Бененсон  |b А.  |4 340 
702 1 |a Козьмин-Бороздин  |b В.  |4 340 
702 1 |a Сулейменов  |b О.  |4 340 
801 1 |a RU  |b 63413507  |c 20081217  |g PSBO 
942 |c BK